[Event "Tradewise Gibraltar Master 2015"]
[Site "Gibraltar ENG"]
[Date "2015.01.31"]
[Round "5.46"]
[White "Smith, Axel"]
[Black "Lombaers, Peter"]
[Result "1-0"]
[WhiteElo "2483"]
[BlackElo "2291"]
[PlyCount "51"]
[EventDate "2015.01.27"]
[EventType "swiss"]
[EventRounds "10"]
[EventCountry "ENG"]
[Source "lmi"]
[SourceDate "2015.01.27"]

1. d4 f5 2. c4 Nf6 3. Nc3 g6 4. h4 Bg7 5. h5 Nxh5 6. e4 Nf6 7. exf5 gxf5 8. Bg5
e6 9. Nh3 Qe7 10. Nf4 d6 11. Be2 Bd7 12. Bh5+ Kd8 13. Qb3 Kc8 14. O-O-O Nc6 15.
Rhe1 Nd8 16. Kb1 Qf8 17. Bf3 Rb8 18. Nb5 Ra8 19. d5 e5 20. Ne6 Nxe6 21. dxe6
Bc6 22. c5 d5 23. Bxf6 Bxf6 24. Bxd5 Qxc5 25. Bxc6 bxc6 26. Nxc7 1-0

[Event "Tradewise Gibraltar Master 2015"]
[Site "Gibraltar ENG"]
[Date "2015.01.31"]
[Round "5.47"]
[White "Bar, Aviv"]
[Black "Zhukova, Natalia"]
[Result "1/2-1/2"]
[WhiteElo "2142"]
[BlackElo "2482"]
[PlyCount "76"]
[EventDate "2015.01.27"]
[EventType "swiss"]
[EventRounds "10"]
[EventCountry "ENG"]
[Source "lmi"]
[SourceDate "2015.01.27"]

1. e4 e5 2. Nf3 Nc6 3. Bb5 a6 4. Ba4 Nge7 5. c3 g6 6. O-O Bg7 7. d4 exd4 8.
cxd4 b5 9. Bc2 d5 10. exd5 Nxd5 11. Bg5 Nde7 12. Re1 O-O 13. Nc3 h6 14. Bh4 g5
15. Bg3 Bg4 16. h3 Bxf3 17. Qxf3 Nxd4 18. Qe4 Nxc2 19. Qxc2 Ng6 20. Rad1 Qf6
21. Bxc7 Rfe8 22. Rxe8+ Rxe8 23. Bg3 Nf4 24. a3 h5 25. Qd2 h4 26. Bxf4 Qxf4 27.
Qxf4 gxf4 28. Kf1 Bxc3 29. bxc3 Re4 30. Rd6 Ra4 31. c4 Rxa3 32. cxb5 axb5 33.
Rd5 f3 34. gxf3 Rxf3 35. Rxb5 Rxh3 36. Rh5 Kg7 37. Kg2 Kg6 38. Rh8 Ra3 1/2-1/2

[Event "Tradewise Gibraltar Master 2015"]
[Site "Gibraltar ENG"]
[Date "2015.01.31"]
[Round "5.48"]
[White "Walton, Alan J"]
[Black "Almagro Llamas, Pablo"]
[Result "1-0"]
[WhiteElo "2129"]
[BlackElo "2469"]
[PlyCount "79"]
[EventDate "2015.01.27"]
[EventType "swiss"]
[EventRounds "10"]
[EventCountry "ENG"]
[Source "lmi"]
[SourceDate "2015.01.27"]

1. d4 Nf6 2. Bg5 Ne4 3. Bf4 e6 4. f3 Bd6 5. Bxd6 Nxd6 6. e4 O-O 7. Nc3 b6 8.
Qd2 f5 9. O-O-O fxe4 10. fxe4 Bb7 11. Bd3 c5 12. d5 exd5 13. exd5 c4 14. Ne4
Nxe4 15. Bxe4 Qh4 16. Re1 Na6 17. g3 Qf6 18. Nh3 Nc5 19. Bg2 b5 20. Rhf1 Qd6
21. Rxf8+ Rxf8 22. Nf4 b4 23. Qe3 b3 24. axb3 cxb3 25. cxb3 Qb6 26. Kb1 Ba6 27.
d6 Qxd6 28. Bd5+ Kh8 29. Qe7 Qxe7 30. Rxe7 g5 31. Nh5 Bd3+ 32. Ka2 Bf5 33. Ng7
Bg4 34. Ne8 Rf2 35. b4 Nd3 36. Ka3 Nxb2 37. Nd6 Rd2 38. Re8+ Kg7 39. Rg8+ Kf6
40. Ne4+ 1-0

[Event "Tradewise Gibraltar Master 2015"]
[Site "Gibraltar ENG"]
[Date "2015.01.31"]
[Round "5.49"]
[White "Baert, Andy"]
[Black "Carlsson, Pontus"]
[Result "0-1"]
[WhiteElo "2114"]
[BlackElo "2465"]
[PlyCount "64"]
[EventDate "2015.01.27"]
[EventType "swiss"]
[EventRounds "10"]
[EventCountry "ENG"]
[Source "lmi"]
[SourceDate "2015.01.27"]

1. d4 Nf6 2. c4 e6 3. Nc3 Bb4 4. e3 O-O 5. Bd3 d5 6. cxd5 exd5 7. Nge2 Re8 8.
Bd2 Bd6 9. Rc1 c6 10. O-O Ng4 11. g3 Nd7 12. Nf4 Nf8 13. Be2 Nf6 14. Na4 Ne4
15. Nd3 Bh3 16. Re1 Qg5 17. Nf4 Bxf4 18. exf4 Qf6 19. Be3 Ne6 20. b4 Nd6 21.
Nc5 Nxc5 22. Rxc5 a6 23. a4 Bd7 24. b5 axb5 25. axb5 Nxb5 26. Bxb5 cxb5 27.
Rxd5 Bc6 28. Re5 Rxe5 29. dxe5 Qf5 30. Qe2 Qe4 31. f3 Qxf3 32. Qxf3 Bxf3 0-1

[Event "Tradewise Gibraltar Master 2015"]
[Site "Gibraltar ENG"]
[Date "2015.01.31"]
[Round "5.51"]
[White "Harika, Dronavalli"]
[Black "Frisk, Ellinor"]
[Result "1-0"]
[WhiteElo "2496"]
[BlackElo "2266"]
[PlyCount "103"]
[EventDate "2015.01.27"]
[EventType "swiss"]
[EventRounds "10"]
[EventCountry "ENG"]
[Source "lmi"]
[SourceDate "2015.01.27"]

1. Nf3 d5 2. c4 c6 3. e3 Bf5 4. Qb3 Qc7 5. cxd5 cxd5 6. Bb5+ Bd7 7. Nc3 e6 8.
d4 Nf6 9. Bd2 Nc6 10. Rc1 Be7 11. O-O O-O 12. Bd3 Rac8 13. Ne5 Qb8 14. f4 Rfd8
15. Qd1 Bb4 16. Qf3 Be8 17. Be1 Be7 18. Bh4 a6 19. f5 Qd6 20. fxe6 fxe6 21.
Nxc6 Bxc6 22. Bg3 Qd7 23. Be5 Rf8 24. Qh3 h6 25. Qg3 Qd8 26. Rc2 Be8 27. Rcf2
Rc6 28. e4 Nh5 29. Rxf8+ Bxf8 30. Qf3 Nf6 31. exd5 exd5 32. Bc2 Bf7 33. a3 Be7
34. Bb1 Qb6 35. Qe2 Rc8 36. h3 Re8 37. Qf2 Qc6 38. Kh1 Be6 39. Qg3 Bf7 40. Qf2
Bd8 41. Qg3 Be7 42. Ne2 Nh5 43. Qf3 Nf6 44. Ng3 Rf8 45. Nf5 Bd8 46. Nxh6+ gxh6
47. Qg3+ Kh8 48. Qd3 Bg8 49. Qg6 Rf7 50. Qxh6+ Bh7 51. Bxh7 Rxh7 52. Qf8# 1-0

[Event "Tradewise Gibraltar Master 2015"]
[Site "Gibraltar ENG"]
[Date "2015.01.31"]
[Round "5.52"]
[White "Semprun Martinez, Fernando"]
[Black "Georgiadis, Nico"]
[Result "1/2-1/2"]
[WhiteElo "2253"]
[BlackElo "2490"]
[PlyCount "128"]
[EventDate "2015.01.27"]
[EventType "swiss"]
[EventRounds "10"]
[EventCountry "ENG"]
[Source "lmi"]
[SourceDate "2015.01.27"]

1. e4 c5 2. Nf3 Nc6 3. d4 cxd4 4. Nxd4 Nf6 5. Nc3 d6 6. Bg5 e6 7. Qd2 a6 8.
O-O-O Bd7 9. f4 h6 10. Bh4 g5 11. fxg5 Ng4 12. Nxc6 Bxc6 13. Qf4 Ne5 14. gxh6
Bxh6 15. Qxh6 Rxh6 16. Bxd8 Rxd8 17. Be2 Ke7 18. h3 Rg8 19. Rhg1 Rg7 20. Bd3
Rhg6 21. h4 Rxg2 22. Rxg2 Rxg2 23. Rh1 Kf6 24. h5 Kg7 25. b4 b5 26. Be2 Kh6 27.
Rd1 Bxe4 28. Rxd6 Bf3 29. Bxf3 Nxf3 30. a4 bxa4 31. Nxa4 Rg4 32. c3 a5 33. b5
Rxa4 34. b6 Rg4 35. Rd8 Rg1+ 36. Kb2 Rg2+ 37. Ka3 Ne5 38. b7 Nc4+ 39. Ka4 Ra2+
40. Kb5 Rb2+ 41. Kc6 Ne5+ 42. Kc7 Kxh5 43. b8=Q Rxb8 44. Rxb8 Kg4 45. Kd6 Kf4
46. Ra8 f6 47. Kxe6 Ke4 48. Rxa5 Kd3 49. Rc5 Nc4 50. Kd5 Ne3+ 51. Kd6 f5 52.
Ke5 Nc4+ 53. Kxf5 Kxc3 54. Ke4 Kb4 55. Kd4 Na5 56. Rc8 Nb3+ 57. Kd5 Nd2 58. Rc2
Nb3 59. Rc7 Na5 60. Rc8 Nb3 61. Rc2 Na5 62. Rh2 Nb3 63. Rh4+ Kc3 64. Rg4 Nd2
1/2-1/2

[Event "Tradewise Gibraltar Master 2015"]
[Site "Gibraltar ENG"]
[Date "2015.01.31"]
[Round "5.53"]
[White "Galmandakh, Badrakh"]
[Black "Das, Arghyadip"]
[Result "0-1"]
[WhiteElo "2240"]
[BlackElo "2476"]
[PlyCount "136"]
[EventDate "2015.01.27"]
[EventType "swiss"]
[EventRounds "10"]
[EventCountry "ENG"]
[Source "lmi"]
[SourceDate "2015.01.27"]

1. d3 c5 2. g3 Nc6 3. Bg2 d5 4. Nf3 g6 5. O-O Bg7 6. Nbd2 e6 7. e4 Nge7 8. a4
b6 9. Re1 h6 10. h4 a5 11. Nf1 Ba6 12. c3 d4 13. c4 e5 14. Bh3 O-O 15. h5 Qd6
16. N1d2 Nb4 17. Ra3 Bb7 18. Nh4 Bf6 19. Ndf3 Kh7 20. Kg2 Nbc6 21. Rh1 Ng8 22.
Bg4 Kg7 23. Bd2 Nce7 24. Qc1 Bxh4 25. Nxh4 f5 26. Bf3 fxe4 27. Bxe4 Bxe4+ 28.
dxe4 g5 29. Bxg5 hxg5 30. Qxg5+ Kh7 31. Ng6 Rf6 32. Qxe5 Nxg6 33. hxg6+ Kxg6
34. Qxd6 Rxd6 35. Rd3 Re8 36. Re1 Rde6 37. f3 Nf6 38. Rd2 Nxe4 39. fxe4 Rxe4
40. Rxe4 Rxe4 41. Kf3 Kf5 42. Rd3 Re1 43. g4+ Kg5 44. Rb3 Re6 45. Kg3 Rd6 46.
Rf3 d3 47. Rf5+ Kg6 48. Rf1 d2 49. Rd1 Rd4 50. b3 Kg5 51. Kf2 Kxg4 52. Ke3 Kg3
53. Rg1+ Kh2 54. Rd1 Kg2 55. Ke2 Rd6 56. Ke3 Re6+ 57. Kd3 Kg3 58. Kc2 Rd6 59.
Rh1 Kg2 60. Rd1 Kf3 61. Rxd2 Rxd2+ 62. Kxd2 Kf2 63. Kd3 Ke1 64. Ke4 Kd2 65. Kd5
Kc3 66. Kc6 Kxb3 67. Kxb6 Kb4 68. Kc6 Kxc4 0-1

[Event "Tradewise Gibraltar Master 2015"]
[Site "Gibraltar ENG"]
[Date "2015.01.31"]
[Round "5.54"]
[White "Adla, Diego"]
[Black "Hommerson, Paul"]
[Result "1-0"]
[WhiteElo "2469"]
[BlackElo "2229"]
[PlyCount "87"]
[EventDate "2015.01.27"]
[EventType "swiss"]
[EventRounds "10"]
[EventCountry "ENG"]
[Source "lmi"]
[SourceDate "2015.01.27"]

1. c4 e5 2. g3 Nf6 3. Bg2 d5 4. cxd5 Nxd5 5. Nf3 Nc6 6. O-O Nb6 7. d3 Be7 8. a3
O-O 9. Nbd2 a5 10. b3 Be6 11. Bb2 f6 12. Qc2 Qd7 13. Rfd1 Bd5 14. Nc4 Nd4 15.
Nxd4 exd4 16. Nxb6 cxb6 17. Bxd5+ Qxd5 18. Qc4 Rfd8 19. Bxd4 Rac8 20. Qxd5+
Rxd5 21. Be3 Rc2 22. Rd2 Rc3 23. Rb2 f5 24. Bd2 Rc6 25. Raa2 g5 26. a4 h6 27.
b4 axb4 28. Bxb4 Bxb4 29. Rxb4 Ra5 30. Rab2 Ra6 31. g4 f4 32. Kg2 Kf7 33. h4
Ke7 34. hxg5 hxg5 35. Rb5 Rg6 36. R2b4 Kd7 37. Kf3 Kc7 38. Rc4+ Kb8 39. Re5 Ra5
40. Ke4 Rg8 41. d4 Rc8 42. Rxc8+ Kxc8 43. Rxa5 bxa5 44. Kd5 1-0

[Event "Tradewise Gibraltar Master 2015"]
[Site "Gibraltar ENG"]
[Date "2015.01.31"]
[Round "5.57"]
[White "Martinez Martin, David"]
[Black "Terron Elena, Francisco M"]
[Result "1-0"]
[WhiteElo "2407"]
[BlackElo "2218"]
[PlyCount "65"]
[EventDate "2015.01.27"]
[EventType "swiss"]
[EventRounds "10"]
[EventCountry "ENG"]
[Source "lmi"]
[SourceDate "2015.01.27"]

1. d4 Nf6 2. c4 g6 3. Nf3 Bg7 4. g3 c5 5. Bg2 O-O 6. O-O d6 7. dxc5 dxc5 8. Ne5
Nfd7 9. Nd3 Nc6 10. Nc3 Nb6 11. Nxc5 Nxc4 12. Qa4 N4e5 13. Rd1 Qa5 14. Qxa5
Nxa5 15. Bg5 Nec6 16. Rac1 h6 17. Bf4 e5 18. Bd2 Nc4 19. b3 Nxd2 20. Rxd2 Bf6
21. Nb5 Be7 22. Nxb7 Bg5 23. e3 Bxb7 24. Bxc6 Bxc6 25. Rxc6 a6 26. Nc7 Rac8 27.
Rdc2 a5 28. h4 Bd8 29. Nd5 Ra8 30. R2c4 Kg7 31. Kf1 Ra7 32. Rd6 h5 33. Rc8 1-0

[Event "Tradewise Gibraltar Master 2015"]
[Site "Gibraltar ENG"]
[Date "2015.01.31"]
[Round "5.58"]
[White "Solomon, Kenny"]
[Black "Janev, Pavel"]
[Result "1/2-1/2"]
[WhiteElo "2399"]
[BlackElo "2196"]
[PlyCount "115"]
[EventDate "2015.01.27"]
[EventType "swiss"]
[EventRounds "10"]
[EventCountry "ENG"]
[Source "lmi"]
[SourceDate "2015.01.27"]

1. c4 e5 2. g3 Nf6 3. Bg2 c6 4. d4 Bb4+ 5. Bd2 Bxd2+ 6. Qxd2 d6 7. Nc3 O-O 8.
e3 Be6 9. b3 exd4 10. Qxd4 d5 11. cxd5 Nxd5 12. Nge2 Qa5 13. Qa4 Qxa4 14. Nxa4
Nd7 15. Nd4 N5b6 16. Nxe6 fxe6 17. Nc3 Nf6 18. Ke2 Rad8 19. Rac1 Kf7 20. Rhd1
Ke7 21. Rxd8 Rxd8 22. h3 h6 23. f4 Nfd5 24. Ne4 Nd7 25. a3 N7f6 26. Nd2 e5 27.
Nc4 exf4 28. gxf4 Nb6 29. Na5 Rd7 30. h4 Kd8 31. b4 Nbd5 32. Bxd5 Nxd5 33. Kf3
Rf7 34. Rg1 Nb6 35. e4 Kc7 36. f5 Nd7 37. Kf4 Re7 38. Nc4 b5 39. Nd2 Nf6 40. e5
Nd5+ 41. Ke4 Nf6+ 42. Kf4 Nd5+ 43. Ke4 Nf6+ 44. Kd4 Rd7+ 45. Ke3 Nd5+ 46. Ke4
Nc3+ 47. Ke3 Nd5+ 48. Ke4 Nc3+ 49. Ke3 Nd5+ 50. Kf3 Ne7 51. Rxg7 Nxf5 52. Rxd7+
Kxd7 53. Kg4 Ke6 54. Nf3 Ne7 55. Kh5 Nf5 56. Kg4 Ne7 57. Kh5 Nf5 58. Kg4
1/2-1/2

[Event "Tradewise Gibraltar Master 2015"]
[Site "Gibraltar ENG"]
[Date "2015.01.31"]
[Round "5.59"]
[White "Foisor, Cristina-Adela"]
[Black "Zimmermann, Rene"]
[Result "1-0"]
[WhiteElo "2390"]
[BlackElo "2172"]
[PlyCount "83"]
[EventDate "2015.01.27"]
[EventType "swiss"]
[EventRounds "10"]
[EventCountry "ENG"]
[Source "lmi"]
[SourceDate "2015.01.27"]

1. d4 d5 2. c4 e6 3. Nf3 c6 4. Qc2 Nf6 5. e3 Bd6 6. Nc3 O-O 7. Be2 Nbd7 8. O-O
Qe7 9. e4 dxe4 10. Nxe4 Nxe4 11. Qxe4 e5 12. Bg5 f6 13. Bd3 g6 14. c5 Bc7 15.
Bh6 Re8 16. Bc4+ Kh8 17. Rfe1 f5 18. Qc2 e4 19. Ng5 Nf6 20. Nf7+ Kg8 21. Nd6+
Be6 22. Nxe8 Rxe8 23. Bg5 Bxh2+ 24. Kf1 Bc7 25. Rad1 Qf7 26. Bxe6 Rxe6 27. Bxf6
Qxf6 28. Qb3 Ba5 29. Re3 Qf7 30. d5 cxd5 31. Qxd5 Re7 32. Ra3 Qxd5 33. Rxd5 Bb4
34. Rxa7 Rc7 35. c6 Rxc6 36. Rd8+ Bf8 37. Rxb7 Rf6 38. a4 f4 39. a5 f3 40. gxf3
exf3 41. Rbb8 Kg7 42. Rxf8 1-0

[Event "Tradewise Gibraltar Master 2015"]
[Site "Gibraltar ENG"]
[Date "2015.01.31"]
[Round "5.60"]
[White "Houska, Jovanka"]
[Black "Heer, Stephan"]
[Result "1-0"]
[WhiteElo "2388"]
[BlackElo "2157"]
[PlyCount "41"]
[EventDate "2015.01.27"]
[EventType "swiss"]
[EventRounds "10"]
[EventCountry "ENG"]
[Source "lmi"]
[SourceDate "2015.01.27"]

1. d4 Nf6 2. Nf3 e6 3. c4 c5 4. d5 exd5 5. cxd5 d6 6. Nc3 g6 7. h3 Bg7 8. e4
O-O 9. Bd3 Re8 10. O-O a6 11. a4 Nbd7 12. Bf4 c4 13. Bc2 Nc5 14. Nd2 Nh5 15.
Bh2 Qg5 16. f4 Bd4+ 17. Kh1 Ng3+ 18. Bxg3 Qxg3 19. Ne2 Qh4 20. Nf3 Qe7 21.
Nexd4 1-0

[Event "Tradewise Gibraltar Master 2015"]
[Site "Gibraltar ENG"]
[Date "2015.01.31"]
[Round "5.61"]
[White "Hellwig, Tobias"]
[Black "Padmini, Rout"]
[Result "0-1"]
[WhiteElo "2172"]
[BlackElo "2388"]
[PlyCount "92"]
[EventDate "2015.01.27"]
[EventType "swiss"]
[EventRounds "10"]
[EventCountry "ENG"]
[Source "lmi"]
[SourceDate "2015.01.27"]

1. e4 c5 2. Nf3 d6 3. Bb5+ Nd7 4. O-O a6 5. Bxd7+ Bxd7 6. d4 cxd4 7. Qxd4 Rc8
8. c4 Qc7 9. b3 b5 10. Na3 e5 11. Qd3 Qb7 12. Nd2 Nf6 13. Nc2 Be7 14. Ba3 Qb6
15. Ne3 O-O 16. Rfc1 Kh8 17. Rc2 Be6 18. Rac1 Rfe8 19. cxb5 Rxc2 20. Rxc2 axb5
21. Bb4 Rf8 22. h3 Kg8 23. a3 Qb7 24. Kh2 Rd8 25. Ba5 Rd7 26. a4 bxa4 27. bxa4
d5 28. Qb5 Qa8 29. Bb6 d4 30. Ng4 Nxe4 31. Nxe5 Rd5 32. Qc6 Qxc6 33. Nxc6 Nxd2
34. Rxd2 Rd6 35. Rxd4 Rxc6 36. a5 Bd6+ 37. g3 h5 38. Kg2 Kh7 39. h4 Kg6 40. Rd2
Bc5 41. Rc2 Bd5+ 42. Kh3 Bxb6 43. Rxc6+ Bxc6 44. axb6 Kf5 45. Kh2 Kg4 46. Kg1
Kf3 0-1

[Event "Tradewise Gibraltar Master 2015"]
[Site "Gibraltar ENG"]
[Date "2015.01.31"]
[Round "5.62"]
[White "Heinemann, Josefine"]
[Black "Bellon Lopez, Juan Manuel"]
[Result "1/2-1/2"]
[WhiteElo "2160"]
[BlackElo "2370"]
[PlyCount "115"]
[EventDate "2015.01.27"]
[EventType "swiss"]
[EventRounds "10"]
[EventCountry "ENG"]
[Source "lmi"]
[SourceDate "2015.01.27"]

1. e4 c5 2. Nf3 Nc6 3. d4 cxd4 4. Nxd4 Nf6 5. Nc3 e5 6. Ndb5 h6 7. Nd6+ Bxd6 8.
Qxd6 Qe7 9. Qxe7+ Kxe7 10. Be3 d6 11. f3 a6 12. Bb6 Be6 13. O-O-O Rac8 14. Be2
Nd7 15. Bf2 Na5 16. Nd5+ Bxd5 17. Rxd5 b5 18. b3 Rc6 19. Kb2 Rhc8 20. Rc1 Nb7
21. Rdd1 Nbc5 22. g3 g6 23. Be3 Ne6 24. c3 h5 25. h4 Ndc5 26. Rd5 f5 27. exf5
gxf5 28. f4 exf4 29. gxf4 Ne4 30. Bxh5 Rg8 31. Bf3 Rg3 32. Bxe4 Rxe3 33. Bxf5
Nxf4 34. Rd4 Ne2 35. Re1 Re5 36. Re4 Nxc3 37. Rxe5+ dxe5 38. Rxe5+ Kf6 39. Re6+
Rxe6 40. Bxe6 b4 41. Bg4 Ne4 42. Kc2 a5 43. Bf3 Nc5 44. Bc6 Kf5 45. Kd2 Kg4 46.
Ke3 Kxh4 47. Kd4 Ne6+ 48. Kc4 Kg5 49. Bh1 Nf4 50. Kb5 Ne2 51. Kxa5 Nc1 52. Kxb4
Nxa2+ 53. Kc4 Kf4 54. Bd5 Ke3 55. Bg8 Kd2 56. Bh7 Kc1 57. Bg6 Kb2 58. b4
1/2-1/2

[Event "Tradewise Gibraltar Master 2015"]
[Site "Gibraltar ENG"]
[Date "2015.01.31"]
[Round "5.63"]
[White "Ladron De Guevara Pinto, Paolo"]
[Black "Seyfried, Claus"]
[Result "1/2-1/2"]
[WhiteElo "2367"]
[BlackElo "2147"]
[PlyCount "66"]
[EventDate "2015.01.27"]
[EventType "swiss"]
[EventRounds "10"]
[EventCountry "ENG"]
[Source "lmi"]
[SourceDate "2015.01.27"]

1. e4 e5 2. Nf3 Nc6 3. Bc4 Nf6 4. d3 Be7 5. O-O d6 6. c3 O-O 7. Re1 Na5 8. Bb5
a6 9. Ba4 b5 10. Bc2 c5 11. Nbd2 Nc6 12. Nf1 Re8 13. d4 cxd4 14. cxd4 Bg4 15.
d5 Nd4 16. Be3 Nxf3+ 17. gxf3 Bh3 18. Ng3 Nd7 19. f4 exf4 20. Bxf4 Ne5 21. Bxe5
dxe5 22. Qf3 Bb4 23. Reb1 Qg5 24. a4 Bc5 25. Bd3 Rab8 26. axb5 axb5 27. Ra5 Rb6
28. b4 Bd4 29. Ra2 g6 30. Bf1 Bg4 31. Qd3 Rc8 32. Qd2 Qh4 33. Rc1 Rd8 1/2-1/2

[Event "Tradewise Gibraltar Master 2015"]
[Site "Gibraltar ENG"]
[Date "2015.01.31"]
[Round "5.64"]
[White "Lejlic, Samir"]
[Black "Tscharotschkin, Michael"]
[Result "0-1"]
[WhiteElo "2354"]
[BlackElo "2144"]
[PlyCount "109"]
[EventDate "2015.01.27"]
[EventType "swiss"]
[EventRounds "10"]
[EventCountry "ENG"]
[Source "lmi"]
[SourceDate "2015.01.27"]

1. d4 d5 2. Bg5 c6 3. e3 Qb6 4. Qc1 Bf5 5. Nf3 e6 6. Be2 Be7 7. Bxe7 Nxe7 8.
O-O Nd7 9. c4 O-O 10. Nc3 Rac8 11. b3 h6 12. Qa3 Rfe8 13. Rfc1 a6 14. Nd2 Rcd8
15. b4 e5 16. cxd5 Nxd5 17. Nc4 Qxb4 18. Qxb4 Nxb4 19. Nd6 exd4 20. exd4 Nc2
21. Nxf5 Nxa1 22. Nd6 Re6 23. Nxb7 Rb8 24. Na5 Rb2 25. Bd3 Rd2 26. Bf5 Rc2 27.
Bxc2 Nxc2 28. Nb3 Nb4 29. Kf1 c5 30. d5 Re5 31. Rd1 Kf8 32. Na5 Nf6 33. d6 Nd7
34. Nc4 Rh5 35. h3 Rh4 36. Na5 Rd4 37. Ke2 Nxa2 38. Nxa2 Ra4 39. Nc3 Rxa5 40.
Kd3 c4+ 41. Kxc4 Rc5+ 42. Kb4 a5+ 43. Kb3 Ke8 44. f4 Kd8 45. g4 Rc6 46. Rd5
Nc5+ 47. Ka3 Nb7 48. Ne4 Kd7 49. Rf5 f6 50. g5 hxg5 51. fxg5 Ke6 52. Rf3 f5 53.
Nc3 Nxd6 54. h4 Rxc3+ 55. Rxc3 0-1

[Event "Tradewise Gibraltar Master 2015"]
[Site "Gibraltar ENG"]
[Date "2015.01.31"]
[Round "5.65"]
[White "Elishev, Ivan"]
[Black "Christiansen, Johan-Sebastian"]
[Result "0-1"]
[WhiteElo "2153"]
[BlackElo "2354"]
[PlyCount "92"]
[EventDate "2015.01.27"]
[EventType "swiss"]
[EventRounds "10"]
[EventCountry "ENG"]
[Source "lmi"]
[SourceDate "2015.01.27"]

1. e4 c5 2. Nf3 d6 3. Bb5+ Nd7 4. O-O a6 5. Bxd7+ Bxd7 6. d4 cxd4 7. Qxd4 Rc8
8. c4 Qc7 9. b3 b5 10. Na3 e5 11. Qd3 Qb7 12. Nd2 Nf6 13. Nc2 Be7 14. Ba3 Qb6
15. Ne3 O-O 16. Rfc1 Kh8 17. Rc2 Be6 18. Rac1 Rfe8 19. cxb5 Rxc2 20. Rxc2 axb5
21. Bb4 Bf8 22. h3 Kg8 23. a3 Qb7 24. Kh2 Rd8 25. Ba5 Rd7 26. a4 bxa4 27. bxa4
d5 28. Qb5 Qa8 29. Bb6 d4 30. Ng4 Nxe4 31. Nxe5 Rd5 32. Qc6 Qxc6 33. Nxc6 Nxd2
34. Rxd2 Rd6 35. Rxd4 Rxc6 36. a5 Bd6+ 37. g3 h5 38. Kg2 Kh7 39. h4 Kg6 40. Rd2
Bc5 41. Rc2 Bd5+ 42. Kh3 Bxb6 43. Rxc6+ Bxc6 44. axb6 Kf5 45. Kh2 Kg4 46. Kg1
Kf3 0-1

[Event "Tradewise Gibraltar Master 2015"]
[Site "Gibraltar ENG"]
[Date "2015.01.31"]
[Round "5.66"]
[White "Zwahr, Paul"]
[Black "Weeramantry, Sunil"]
[Result "1-0"]
[WhiteElo "2354"]
[BlackElo "2127"]
[PlyCount "65"]
[EventDate "2015.01.27"]
[EventType "swiss"]
[EventRounds "10"]
[EventCountry "ENG"]
[Source "lmi"]
[SourceDate "2015.01.27"]

1. e4 d6 2. d4 g6 3. Nc3 Bg7 4. f4 c6 5. Nf3 Bg4 6. Be3 Qb6 7. Qd2 Bxf3 8. gxf3
Nd7 9. O-O-O Qa5 10. Kb1 b5 11. h4 Ngf6 12. Bd3 Nb6 13. Qg2 Rb8 14. f5 b4 15.
Ne2 c5 16. Nf4 Na4 17. Ka1 Nxb2 18. Kxb2 c4 19. Bxc4 Qa3+ 20. Kb1 Qxe3 21. Nh3
Qc3 22. Bb3 Nh5 23. Rd3 Qc6 24. fxg6 hxg6 25. Ng5 Nf4 26. Bxf7+ Kd8 27. Qg4 e5
28. Ne6+ Ke7 29. Nxf4 exf4 30. Bd5 Qc7 31. Qxg6 Kd8 32. Rg1 Bf8 33. Qf6+ 1-0

[Event "Tradewise Gibraltar Master 2015"]
[Site "Gibraltar ENG"]
[Date "2015.01.31"]
[Round "5.67"]
[White "Varga, Klara"]
[Black "Wemmers, Xander"]
[Result "1-0"]
[WhiteElo "2145"]
[BlackElo "2353"]
[PlyCount "65"]
[EventDate "2015.01.27"]
[EventType "swiss"]
[EventRounds "10"]
[EventCountry "ENG"]
[Source "lmi"]
[SourceDate "2015.01.27"]

1. c4 Nf6 2. g3 e6 3. Bg2 a6 4. b3 Be7 5. Bb2 O-O 6. e3 d5 7. Ne2 c5 8. O-O Nc6
9. cxd5 exd5 10. d4 Bg4 11. dxc5 Bxc5 12. h3 Bh5 13. g4 Bg6 14. Nbc3 Nb4 15.
Nf4 Bc2 16. Qd2 Ne4 17. Nxe4 dxe4 18. Qc3 Qg5 19. h4 Qxg4 20. Qxc5 a5 21. a3
Rac8 22. Qg5 Qxg5 23. hxg5 Nd3 24. Bd4 Rfd8 25. Nh5 Rd5 26. Bxe4 Rxg5+ 27. Ng3
h5 28. Kh2 h4 29. Nf5 Re8 30. f3 g6 31. Rg1 Rxg1 32. Rxg1 Kh7 33. Nxh4 1-0

[Event "Tradewise Gibraltar Master 2015"]
[Site "Gibraltar ENG"]
[Date "2015.01.31"]
[Round "5.68"]
[White "Dragnev, Valentin"]
[Black "Amgalanbaatar, Ravdanlkhumbuu"]
[Result "1-0"]
[WhiteElo "2344"]
[BlackElo "2117"]
[PlyCount "127"]
[EventDate "2015.01.27"]
[EventType "swiss"]
[EventRounds "10"]
[EventCountry "ENG"]
[Source "lmi"]
[SourceDate "2015.01.27"]

1. e4 e6 2. d4 d5 3. Nd2 Nf6 4. e5 Nfd7 5. Bd3 c5 6. c3 Nc6 7. Ne2 cxd4 8. cxd4
f6 9. exf6 Nxf6 10. Nf3 Bd6 11. Bf4 Bxf4 12. Nxf4 Qa5+ 13. Kf1 O-O 14. g3 Ne4
15. h4 Qc7 16. Ng5 Rxf4 17. gxf4 Qxf4 18. Bxe4 dxe4 19. Qh5 h6 20. Qe8+ Qf8 21.
Qxf8+ Kxf8 22. Nxe4 Nxd4 23. f4 Nf5 24. Kf2 Bd7 25. Nc5 Bc6 26. Nxe6+ Kf7 27.
Rhe1 Re8 28. Nc5 Rxe1 29. Rxe1 Nxh4 30. Nd3 Kf6 31. Nb4 Ng2 32. Rd1 Be4 33. Kg3
h5 34. Nd5+ Ke6 35. Nc3 Bc6 36. Rd8 Ne3 37. Kh4 Ke7 38. Ra8 Bf3 39. Kg5 Ng2 40.
f5 Kf7 41. Nb5 h4 42. Rh8 Bd5 43. a3 Ne1 44. Kxh4 a6 45. Nc7 Bc6 46. Kg5 Nf3+
47. Kf4 g6 48. fxg6+ Kxg6 49. Ne6 Nd2 50. Nd4 Bd5 51. Rd8 Bh1 52. Rh8 Bd5 53.
Nf5 Nc4 54. Ne3 Nxe3 55. Kxe3 Bc6 56. Kd4 a5 57. Rf8 a4 58. Kc5 Kg5 59. Rf2 Kg6
60. Kb6 Kg5 61. Rf7 Be4 62. Rxb7 Kf6 63. Rd7 Bc2 64. Kb5 1-0

[Event "Tradewise Gibraltar Master 2015"]
[Site "Gibraltar ENG"]
[Date "2015.01.31"]
[Round "5.69"]
[White "Schaefer, Reyk"]
[Black "Guerrero Vargas, Andres"]
[Result "0-1"]
[WhiteElo "2104"]
[BlackElo "2320"]
[PlyCount "66"]
[EventDate "2015.01.27"]
[EventType "swiss"]
[EventRounds "10"]
[EventCountry "ENG"]
[Source "lmi"]
[SourceDate "2015.01.27"]

1. d4 Nf6 2. c4 e6 3. g3 c5 4. d5 exd5 5. cxd5 d6 6. Nc3 g6 7. Bg2 Bg7 8. Nf3
O-O 9. O-O Re8 10. Nd2 Nbd7 11. a4 Ne5 12. h3 Nh5 13. Kh2 f5 14. f4 Nf7 15. Nc4
Nf6 16. Qc2 h5 17. e4 h4 18. Nxd6 hxg3+ 19. Kh1 Nxd6 20. e5 Ng4 21. exd6 Nf2+
22. Rxf2 gxf2 23. Qxf2 Qxd6 24. Be3 Bxc3 25. Bxc5 Be1 26. Qd4 Qd8 27. d6 Bh4
28. Rd1 Be6 29. Bxb7 Qd7 30. Bxa8 Rxa8 31. a5 Qc6+ 32. Kh2 Qf3 33. Rg1 Kf7 0-1

[Event "Tradewise Gibraltar Master 2015"]
[Site "Gibraltar ENG"]
[Date "2015.01.31"]
[Round "5.70"]
[White "Skutta, Bernd"]
[Black "Watson, John L"]
[Result "0-1"]
[WhiteElo "2059"]
[BlackElo "2319"]
[PlyCount "41"]
[EventDate "2015.01.27"]
[EventType "swiss"]
[EventRounds "10"]
[EventCountry "ENG"]
[Source "lmi"]
[SourceDate "2015.01.27"]

1. d4 Nf6 2. Nf3 e6 3. c4 c5 4. d5 exd5 5. cxd5 d6 6. Nc3 g6 7. Bf4 Bg7 8. Qa4+
Bd7 9. Qb3 Qc7 10. h3 O-O 11. e3 Na6 12. Nd2 Rab8 13. Bb5 Nb4 14. a3 Nbxd5 15.
Bh2 Nxc3 16. bxc3 Rbd8 17. Be2 Be6 18. c4 Ne4 19. Rd1 Qa5 20. Bd3 Nxd2 21. Rxd2
0-1